[Event "Russian Team Championship"]
[Site "Sochi RUS"]
[Date "2012.04.13"]
[EventDate "2012.04.09"]
[Round "5"]
[Result "1-0"]
[White "Daniil Dubov"]
[Black "Sergey Ionov"]
[WhiteElo "2536"]
[BlackElo "2549"]
[PlyCount "91"]

1. d4 Nf6 2. c4 e6 3. Nc3 Bb4 4. e3 O-O 5. Nge2 d5 6. a3 Be7
7. cxd5 Nxd5 8. g3 Nxc3 9. Nxc3 c5 10. Bg2 cxd4 11. exd4 Bf6
12. Be3 Nc6 13. Ne2 Ne7 14. O-O Nd5 15. Nc3 Nxe3 16. fxe3 Rb8
17. Qd3 b6 18. Rad1 Bb7 19. e4 Be7 20. e5 Bxg2 21. Kxg2 Qc7
22. Rfe1 Rbc8 23. d5 Bxa3 24. Nb5 Qc2+ 25. Re2 Qxd3 26. Rxd3
Bc5 27. d6 a5 28. Na7 Ra8 29. Nc6 Rfc8 30. Ne7+ Kf8 31. Nxc8
Rxc8 32. Rc2 Ra8 33. Kf3 Ke8 34. Ke4 Kd7 35. Rc1 f5+ 36. exf6
gxf6 37. Rf1 f5+ 38. Ke5 Rc8 39. g4 Rc6 40. g5 Bxd6+ 41. Kf6
Ke8 42. h4 Be7+ 43. Kg7 Rc7 44. Rc3 Bc5+ 45. Kg8 Re7 46. Rd3
1-0

[Event "World Blitz Championship"]
[Site "Khanty-Mansiysk RUS"]
[Date "2013.06.09"]
[EventDate "2013.06.09"]
[Round "14.14"]
[Result "0-1"]
[White "Daniil Dubov"]
[Black "Alexander Moiseenko"]
[WhiteElo "2638"]
[BlackElo "2711"]
[PlyCount "60"]

1. d4 Nf6 2. c4 e6 3. Nc3 Bb4 4. e3 b6 5. Nge2 Ne4 6. Qc2 Bb7
7. a3 Bxc3+ 8. Nxc3 Nxc3 9. Qxc3 O-O 10. Bd2 d6 11. Bd3 Bxg2
12. Rg1 Bf3 13. Rg3 Bh5 14. Qc2 f5 15. d5 Qh4 16. dxe6 Qxh2
17. Qc3 Bg6 18. e7 Re8 19. Bxf5 Nc6 20. Bxg6 hxg6 21. O-O-O
Qxf2 22. Rxg6 Ne5 23. Rg5 Rxe7 24. Rdg1 Rf8 25. Kb1 Rff7
26. Qc2 Qe2 27. b3 Rf2 28. Kc1 Nd3+ 29. Kb1 Qxd2 30. Qxd2 Rxd2
0-1

[Event "Russian Championship Higher League"]
[Site "Yekaterinburg RUS"]
[Date "2013.06.24"]
[EventDate "2013.06.19"]
[Round "5"]
[Result "1/2-1/2"]
[White "Daniil Dubov"]
[Black "Evgeny Alekseev"]
[WhiteElo "2638"]
[BlackElo "2714"]
[PlyCount "49"]

1. d4 Nf6 2. c4 e6 3. Nc3 Bb4 4. e3 O-O 5. Nge2 d5 6. a3 Be7
7. cxd5 Nxd5 8. Qc2 Nd7 9. g3 Nxc3 10. bxc3 c5 11. Bg2 Qc7
12. O-O Rb8 13. c4 cxd4 14. exd4 Bf6 15. a4 b6 16. Ba3 Rd8
17. Be4 h6 18. Rac1 Ba6 19. Rfd1 Rbc8 20. Rd3 Nf8 21. Qd1 Qd7
22. Qb3 Qc7 23. Qd1 Qd7 24. Qb3 Qc7 25. Qd1 1/2-1/2